000 00629nam a22001937a 4500
999 _c61273
_d61273
005 20240123164844.0
008 240123s2019 enk||||| |||| 00| 0 eng d
020 _a9780135166307x
041 _aeng
080 _a004.65 H-80
100 _aHorstmann, Cay S.
_912397
245 _aCore Java :
_bVolume I--Fundamentals /
_cCay S. Horstmann.
250 _aEleventh edition
264 _aBoston :
_bPearson,
_c2019.
300 _a889 p. :
_bill.;
_c23 cm.
653 _aპროგრამირება
653 _aკომპიუტერული მეცნიერებანი
942 _2udc
_cᲬᲘᲒᲜᲘ